000 00917nas a2200301 4500
001 BR0706978
003 BR-BrBNA
005 20231205111328.0
007 ta
008 230509b bl.|||p| |||| 00| 00por d
040 _aBR-BrBNA
_bpor
_cBiblioteca Nacional de Agricultura
041 _a(Pt)
072 _aL70
100 1 _aMarchion, C.H.
100 1 _aSilva, C.G.
100 1 _aTorres, L.C.
100 1 _aBonani, J.P.
100 1 _aAmaral, B.B.
245 1 _aNovos hospedeiros para Henencytus herberti Ashmead (Hynenoptera: Eacyrtidae)coletados em Lavras, Minas Gerais
650 _aDIPTERA
650 _aHYNENOPTERA
650 _aPARASITÓIDE
650 _aHOSPEDEIRO
650 _aLAVRAS
773 0 _tArquivo Brasileiro de Medicina Veterinária e Zootecnia (Brazil)
_xISSN 0102-0935
_g(2006), v. 58(5) p. 964-965
_wBR0706978
909 _a202311
_bLúcia
_c55
_dLúcia Elande
942 _2AGRIS
_n0
_cANA
999 _c192081
_d192081